000 00382cam a2200157ua 4500
041 _aeng
_h
082 _a320.1
_bSAN/UN
100 _aSanthanam, K .
245 _aUnion-state relations in India /
_cK.Santhanam.
_hTextual Documents
250 _a1 /
_b.
260 _a :
_bAsia Publishing House ,
_c1963.
300 _a71 ; .
504 _a
942 _cBK
999 _c2253
_d2253